Vista normal Vista MARC

Entrada Personal Name

Número de registros utilizados en: 1

001 - CONTROL NUMBER

  • control field: 5028

003 - CONTROL NUMBER IDENTIFIER

  • control field: OSt

005 - DATE AND TIME OF LATEST TRANSACTION

  • control field: 20200605134728.0

008 - FIXED-LENGTH DATA ELEMENTS

  • fixed length control field: 200605|| aca||aabn | a|a d

040 ## - CATALOGING SOURCE

  • Original cataloging agency: OSt
  • Transcribing agency: OSt

100 ## - HEADING--PERSONAL NAME

  • Personal name: Melo, Moises,

670 ## - SOURCE DATA FOUND

  • Source citation: Work cat.: (OSt)4367: Marx, Karl, autor 5025, Contribución a la crítica de la economía política /, 1968